<?xml version="1.0" encoding="UTF-8"?>
<record
    xmlns:xsi="http://www.w3.org/2001/XMLSchema-instance"
    xsi:schemaLocation="http://www.loc.gov/MARC21/slim http://www.loc.gov/standards/marcxml/schema/MARC21slim.xsd"
    xmlns="http://www.loc.gov/MARC21/slim">

  <leader>01558nas1a22002891i 4500</leader>
  <controlfield tag="001">RU\NLR\INFOCOMM10\1000134696</controlfield>
  <controlfield tag="005">20240726084011.0</controlfield>
  <datafield tag="035" ind1=" " ind2=" ">
    <subfield code="a">(NLR Aleph) 002637878</subfield>
  </datafield>
  <datafield tag="090" ind1=" " ind2=" ">
    <subfield code="a">3759870</subfield>
    <subfield code="c">3759870</subfield>
  </datafield>
  <datafield tag="100" ind1=" " ind2=" ">
    <subfield code="a">20040116c1928    |||y0rusy50      ca</subfield>
  </datafield>
  <datafield tag="101" ind1="0" ind2=" ">
    <subfield code="a">rus</subfield>
    <subfield code="a">ukr</subfield>
  </datafield>
  <datafield tag="102" ind1=" " ind2=" ">
    <subfield code="a">RU</subfield>
  </datafield>
  <datafield tag="110" ind1=" " ind2=" ">
    <subfield code="a">zyu||||0|y0</subfield>
  </datafield>
  <datafield tag="200" ind1="1" ind2=" ">
    <subfield code="a">&#x417;&#x430;&#x43F;&#x438;&#x441;&#x43A;&#x438; &#x412;&#x43E;&#x43B;&#x438;&#x43D;&#x441;&#x44C;&#x43A;&#x43E;&#x433;&#x43E; &#x441;i&#x43B;&#x44C;&#x441;&#x44C;&#x43A;&#x43E;-&#x433;&#x43E;&#x441;&#x43F;&#x43E;&#x434;&#x430;&#x440;&#x447;&#x43E;&#x433;&#x43E; &#x442;&#x435;&#x445;&#x43D;i&#x43A;&#x443;&#x43C;&#x443; &#x432; &#x41D;&#x43E;&#x432;i&#x439; &#x427;&#x430;&#x440;&#x442;&#x43E;&#x440;i&#xEF;</subfield>
    <subfield code="f">&#x41D;&#x41A;&#x41E;</subfield>
  </datafield>
  <datafield tag="207" ind1=" " ind2="1">
    <subfield code="a">&#x422;.1</subfield>
  </datafield>
  <datafield tag="210" ind1=" " ind2=" ">
    <subfield code="a">&#x41D;&#x43E;&#x432;&#x430; &#x427;&#x430;&#x440;&#x442;&#x43E;&#x440;i&#x44F;</subfield>
    <subfield code="c">&#x411;&#x435;&#x440;&#x434;&#x438;&#x447;i&#x432;&#x441;&#x44C;&#x43A;. &#x43E;&#x43A;&#x440;.</subfield>
    <subfield code="d">1928</subfield>
  </datafield>
  <datafield tag="300" ind1=" " ind2=" ">
    <subfield code="a">&#x422;&#x435;&#x43A;&#x441;&#x442; &#x43D;&#x430; &#x443;&#x43A;&#x440;. &#x438; &#x440;&#x443;&#x441;. &#x44F;&#x437;.</subfield>
  </datafield>
  <datafield tag="311" ind1=" " ind2=" ">
    <subfield code="a">&#x412; 1930 &#x433;. &#x432;&#x43B;&#x438;&#x43B;&#x441;&#x44F; &#x432; &#x438;&#x437;&#x434;.: "&#x417;&#x430;&#x43F;&#x438;&#x441;&#x43A;&#x438; &#x412;&#x43E;&#x43B;&#x438;&#x43D;&#x441;&#x44C;&#x43A;&#x43E;&#x433;&#x43E; &#x437;&#x435;&#x43C;&#x43B;&#x435;&#x443;&#x441;&#x442;&#x440;i&#x439;&#x43D;&#x43E;&#x433;&#x43E; &#x442;&#x435;&#x445;&#x43D;i&#x43A;&#x443;&#x43C;&#x443; i&#x43C;&#x435;&#x43D;&#x438; X &#x440;&#x430;&#x43A;&#x43E;&#x432;&#x438;&#x43D; &#x416;&#x43E;&#x432;&#x442;&#x43D;&#x435;&#x432;&#x43E;&#xEF; &#x440;&#x435;&#x432;&#x43E;&#x43B;&#x44E;&#x446;i&#xEF; &#x432; &#x43C;. &#x416;&#x438;&#x442;&#x43E;&#x43C;&#x438;&#x440;i" (&#x428;.&#x41F;14/335)</subfield>
  </datafield>
  <datafield tag="444" ind1=" " ind2="1">
    <subfield code="1">2001#$a&#x417;&#x430;&#x43F;&#x438;&#x441;&#x43A;&#x438; &#x412;&#x43E;&#x43B;&#x438;&#x43D;&#x441;&#x44C;&#x43A;&#x43E;&#x433;&#x43E; &#x437;&#x435;&#x43C;&#x43B;&#x435;&#x443;&#x441;&#x442;&#x440;i&#x439;&#x43D;&#x43E;&#x433;&#x43E; &#x442;&#x435;&#x445;&#x43D;i&#x43A;&#x443;&#x43C;&#x443; i&#x43C;&#x435;&#x43D;&#x438; X &#x440;&#x430;&#x43A;&#x43E;&#x432;&#x438;&#x43D; &#x416;&#x43E;&#x432;&#x442;&#x43D;&#x435;&#x432;&#x43E;&#xEF; &#x440;&#x435;&#x432;&#x43E;&#x43B;&#x44E;&#x446;i&#xEF; &#x432; &#x43C;. &#x416;&#x438;&#x442;&#x43E;&#x43C;&#x438;&#x440;i</subfield>
    <subfield code="1">852##$aNLR$j&#x41F;14/335</subfield>
    <subfield code="t">&#x417;&#x430;&#x43F;&#x438;&#x441;&#x43A;&#x438; &#x412;&#x43E;&#x43B;&#x438;&#x43D;&#x441;&#x44C;&#x43A;&#x43E;&#x433;&#x43E; &#x437;&#x435;&#x43C;&#x43B;&#x435;&#x443;&#x441;&#x442;&#x440;i&#x439;&#x43D;&#x43E;&#x433;&#x43E; &#x442;&#x435;&#x445;&#x43D;i&#x43A;&#x443;&#x43C;&#x443; i&#x43C;&#x435;&#x43D;&#x438; X &#x440;&#x430;&#x43A;&#x43E;&#x432;&#x438;&#x43D; &#x416;&#x43E;&#x432;&#x442;&#x43D;&#x435;&#x432;&#x43E;&#xEF; &#x440;&#x435;&#x432;&#x43E;&#x43B;&#x44E;&#x446;i&#xEF; &#x432; &#x43C;. &#x416;&#x438;&#x442;&#x43E;&#x43C;&#x438;&#x440;i</subfield>
  </datafield>
  <datafield tag="710" ind1="0" ind2="2">
    <subfield code="a">&#x412;&#x43E;&#x43B;&#x438;&#x43D;&#x441;&#x44C;&#x43A;&#x438;&#x439; &#x441;i&#x43B;&#x44C;&#x441;&#x43A;&#x43E;-&#x433;&#x43E;&#x441;&#x43F;&#x43E;&#x434;&#x430;&#x440;&#x441;&#x44C;&#x43A;&#x438;&#x439; &#x442;&#x435;&#x445;&#x43D;i&#x43A;&#x443;&#x43C;</subfield>
    <subfield code="c">&#x41D;&#x43E;&#x432;&#x430; &#x427;&#x430;&#x440;&#x442;&#x43E;&#x440;i&#x44F;</subfield>
    <subfield code="4">070</subfield>
  </datafield>
  <datafield tag="801" ind1=" " ind2="1">
    <subfield code="a">RU</subfield>
    <subfield code="b">InfoComm</subfield>
    <subfield code="c">20040116</subfield>
  </datafield>
  <datafield tag="801" ind1=" " ind2="0">
    <subfield code="a">RU</subfield>
    <subfield code="b">NLR</subfield>
    <subfield code="g">PSBO</subfield>
  </datafield>
  <datafield tag="852" ind1=" " ind2=" ">
    <subfield code="a">NLR</subfield>
    <subfield code="j">&#x41F;14/555</subfield>
  </datafield>
  <datafield tag="942" ind1=" " ind2=" ">
    <subfield code="c">SE</subfield>
  </datafield>
  <datafield tag="980" ind1=" " ind2=" ">
    <subfield code="a">RUSPER</subfield>
  </datafield>
</record>
